<?xml version="1.0" encoding="UTF-8"?>
<collection xmlns="http://www.loc.gov/MARC21/slim">
 <record>
  <leader>03189nam a2200337 a 4500</leader>
  <controlfield tag="001">1/44616</controlfield>
  <controlfield tag="008">140623s1998    us            001 0 eng  </controlfield>
  <datafield tag="020" ind1=" " ind2=" ">
   <subfield code="a">9780080545646 (electronic bk.)</subfield>
  </datafield>
  <datafield tag="020" ind1=" " ind2=" ">
   <subfield code="a">0080545645 (electronic bk.)</subfield>
  </datafield>
  <datafield tag="020" ind1=" " ind2=" ">
   <subfield code="z">075063636X</subfield>
  </datafield>
  <datafield tag="020" ind1=" " ind2=" ">
   <subfield code="z">9780750636360</subfield>
  </datafield>
  <datafield tag="035" ind1=" " ind2=" ">
   <subfield code="l">47570</subfield>
  </datafield>
  <datafield tag="040" ind1=" " ind2=" ">
   <subfield code="a">EEICP</subfield>
   <subfield code="c">EEICP</subfield>
   <subfield code="d">OCLCQ</subfield>
   <subfield code="d">OPELS</subfield>
   <subfield code="d">OCLCQ</subfield>
   <subfield code="d">OPELS</subfield>
   <subfield code="d">UWW</subfield>
   <subfield code="d">OCLCF</subfield>
   <subfield code="d">GR-PeUP</subfield>
  </datafield>
  <datafield tag="245" ind1="0" ind2="0">
   <subfield code="a">Audio and hi-fi handbook</subfield>
   <subfield code="h">[electronic resource] /</subfield>
   <subfield code="c">editor, Ian R. Sinclair.</subfield>
  </datafield>
  <datafield tag="250" ind1=" " ind2=" ">
   <subfield code="a">3rd ed.</subfield>
  </datafield>
  <datafield tag="260" ind1=" " ind2=" ">
   <subfield code="a">Oxford ;</subfield>
   <subfield code="a">Boston :</subfield>
   <subfield code="b">Newnes,</subfield>
   <subfield code="c">1998.</subfield>
  </datafield>
  <datafield tag="300" ind1=" " ind2=" ">
   <subfield code="a">1 online resource (x, 443 p.) :</subfield>
   <subfield code="b">ill.</subfield>
  </datafield>
  <datafield tag="500" ind1=" " ind2=" ">
   <subfield code="a">Rev. ed. of: Newnes audio and Hi-Fi handbook. 2nd ed. 1993.</subfield>
  </datafield>
  <datafield tag="504" ind1=" " ind2=" ">
   <subfield code="a">Includes bibliographical references and index.</subfield>
  </datafield>
  <datafield tag="520" ind1=" " ind2=" ">
   <subfield code="a">Written by a team of experts and specialist contributors this comprehensive guide has proved to be an invaluable resource for professional designers and service engineers. Each chapter is written by a leading author, including Don Aldous, John Borwick, Dave Berriman and John Linsley Hood, which provides as wide a perspective as possible on high-quality sound reproduction as well as a wealth of expertise. This third edition has been fully updated to include modern valve amplifier designs, Nicam and satellite radio, and including a new section on servicing. Ian Sinclair has written over 140 books on aspects of electronics and computing and has been a regular contributor to the electronics and computing press. New chapters on valve amplifiers, in-car audio, NICAM and satellite radio, and servicing Contributors include world experts like John Linsley Hood, Nick Beer, Don Aldous, Fred Mornington-West A wide ranging guide for professionals and hobbyists alike.</subfield>
  </datafield>
  <datafield tag="505" ind1="0" ind2=" ">
   <subfield code="a">Sound waves / W. Tempest -- Microphones / John Borwick -- Studio and control room acoustics / Peter Mapp -- Principles of digital audio / Allen Mornington-West -- Compact disc technology / Ken Clements -- Digital audio recording / John Watkinson -- Tape recording / John Linsley Hood -- Noise reduction systems / David Fisher -- The vinyl disc / Alvin Gold and Don Aldous -- Valve amplifiers / Morgan Jones -- Tuners and radio receivers / John Linsley Hood -- Pre-amps and inputs / John Linsley Hood -- Voltage amplifiers and controls / John Linsley Hood -- Power output stages / John Linsley Hood -- Loudspeakers / Stan Kelly -- Loudspeaker enclosures / Stan Kelly -- Headphones / Dave Berriman -- Public address and sound reinforcement / Peter Mapp -- In-car audio / Dave Berriman -- Sound synthesis / Mark Jenkins -- Interconnections / Allen Mornington-West -- NICAM stereo and satellite radio systems / Geoff Lewis -- Modern audio and Hi-Fi servicing / Nick Beer.</subfield>
  </datafield>
  <datafield tag="650" ind1=" " ind2="4">
   <subfield code="a">High-fidelity sound systems.</subfield>
  </datafield>
  <datafield tag="650" ind1=" " ind2="4">
   <subfield code="a">Electronic systems.</subfield>
  </datafield>
  <datafield tag="650" ind1=" " ind2="4">
   <subfield code="a">Sound</subfield>
   <subfield code="x">Equipment and supplies.</subfield>
  </datafield>
  <datafield tag="650" ind1=" " ind2="4">
   <subfield code="a">Sound</subfield>
   <subfield code="x">Recording and reproducing.</subfield>
  </datafield>
  <datafield tag="655" ind1=" " ind2="4">
   <subfield code="a">Electronic books.</subfield>
  </datafield>
  <datafield tag="700" ind1="1" ind2=" ">
   <subfield code="a">Sinclair, Ian Robertson.</subfield>
  </datafield>
  <datafield tag="710" ind1="2" ind2=" ">
   <subfield code="a">Elsevier Science Publishers.</subfield>
  </datafield>
  <datafield tag="730" ind1=" " ind2=" ">
   <subfield code="a">Newnes audio and Hi-Fi handbook.</subfield>
  </datafield>
  <datafield tag="852" ind1=" " ind2=" ">
   <subfield code="a">INST</subfield>
   <subfield code="b">UNIPILB</subfield>
   <subfield code="c">EBOOKS</subfield>
   <subfield code="e">20140623</subfield>
   <subfield code="p">00b47570</subfield>
   <subfield code="q">00b47570</subfield>
   <subfield code="t">ONLINE</subfield>
   <subfield code="y">0</subfield>
  </datafield>
  <datafield tag="856" ind1="4" ind2="0">
   <subfield code="3">ScienceDirect</subfield>
   <subfield code="u">http://www.sciencedirect.com/science/book/9780080545646</subfield>
  </datafield>
 </record>
</collection>
